|
|
|
|
| LEADER |
00000cam a2200000 a 4500 |
| 001 |
vtls008391591 |
| 003 |
SK-MaSNL |
| 005 |
20260302022703.0 |
| 008 |
230403s1950 xo 000 0 slo |
| 015 |
|
|
|a SNBA19451955-009509
|
| 035 |
|
|
|a SK01SNKBKSFS20010083808
|
| 035 |
|
|
|a urn:nbn:sk:snk-am3hyey
|
| 035 |
|
|
|a C7775811-A385-4964-A537-9CF2766B0FDE
|
| 035 |
|
|
|a urn:nbn:sk:snk-am00ddfb
|
| 035 |
|
|
|a SKM000086271
|
| 040 |
|
|
|a SNK
|b slo
|c SNK
|e AACR2
|
| 041 |
0 |
|
|a slo
|
| 044 |
|
|
|a xo
|c SK
|
| 080 |
|
|
|a 631.115.8
|2 2011
|
| 245 |
0 |
0 |
|a Poriadok spoločného hospodárenia JRD v Tekovských Lužanoch
|
| 250 |
|
|
|a 1. vyd.
|
| 260 |
|
|
|a Bratislava
|b Oráč
|c 1950
|e Bratislava
|f Concordia
|
| 300 |
|
|
|a 7, [3] s.
|c V. 8°
|
| 366 |
|
|
|e 4000 výtl.
|
| 500 |
|
|
|a Obálkový názov
|
| 500 |
|
|
|a Vydalo Povereníctvo pôdohospodárstva v nakladateľstve Oráč
|
| 610 |
2 |
7 |
|a Jednotné roľnícke družstvo (Tekovské Lužany, Slovensko)
|2 SNK
|9 668508
|
| 650 |
0 |
7 |
|a jednotné roľnícke družstvá
|2 SNKPH
|9 88028
|
| 651 |
|
7 |
|a Tekovské Lužany (Slovensko)
|2 SNKPHgeo
|9 79251
|
| 655 |
|
7 |
|a nariadenia
|2 SNKPH
|9 70672
|
| 852 |
|
|
|a Slovenská národná knižnica
|
| 954 |
|
|
|a odborná, vedecká literatúra pôvodná (slovenská)
|2 lita
|
| 958 |
|
|
|a OND
|
| 958 |
|
|
|a RK
|
| 958 |
|
|
|a TL
|
| 958 |
|
|
|a EUIPO
|
| 999 |
|
|
|c 1033749
|d 1035679
|
| 952 |
|
|
|a SNK
|b SNK
|y VYP
|7 0
|p 17A0648970
|o snkSD 6859/10 D1
|i snkF 8162/63
|8 5
|0 0
|1 0
|4 0
|d 2010-03-04
|l 0
|r 2026-02-24 14:01:39
|w 2026-02-24
|
| 952 |
|
|
|a SNK
|b SNK
|y PREZ
|7 0
|p 17A0911122
|o snkSD 6859/10
|i snk4724/50
|0 0
|1 0
|4 0
|d 2019-06-24
|f 1
|l 0
|r 2025-11-14 00:00:00
|w 2026-02-24
|